000 00553nam a2200205Ia 4500
005 20250326144814.0
008 250326s9999 xx 000 0 und d
020 _a81-7829-535-0
037 _aTextbook
040 _aFMSL
_beng
_cFMSL
041 _aeng
_2eng
084 _aX:3 P5
_qFMSL
100 _aMcquail Dennis
_9750137
245 0 _aMcQuil's mass communication theory
_cMcquail Dennis
250 _a5
260 _aNew Delhi
_bNew Delhi, Vistaar
_c2005
300 _aviii,616
942 _cTB
_hX:3 P5
999 _c1305138
_d1305138